000 00381nam a2200157Ia 4500
008 221030s9999 xx 000 0 und d
020 _a8170293103
041 _aEnglish
082 _a105.23
_bAbo
100 _aS. A. Abolrous
245 0 _aLearn C in three Days
_cby S. A. Abolrous
260 _bBPB Pub
_aNew Delhi
_c1993
300 _a189
650 _aBE Computer
942 _cBK
999 _c4802
_d4802